[Event "Calviá ol (Men)"]
[Site "Mallorca"]
[Date "2004.10.29"]
[Round "14.6"]
[White "Delchev, Aleksander"]
[Black "Sasikiran, Krishnan"]
[Result "1/2-1/2"]
[WhiteElo "2601"]
[BlackElo "2668"]
[PlyCount "120"]
[EventDate "2004.10.15"]
[Source "Roberto Alvarez"]
[SourceDate "2004.10.25"]

1. e4 c5 2. Nf3 Nc6 3. d4 cxd4 4. Nxd4 Nf6 5. Nc3 d6 6. Bg5 e6 7. Qd2 a6 8. O-O-O Bd7 9. f4 Be7 10. Nf3 b5 11. Bxf6 gxf6 12. Kb1 Qb6 13. g3 O-O-O 14. Qe1 Kb8 15. f5 Rhe8 16. fxe6 fxe6 17. Bh3 Bf8 18. Ne2 Bc8 19. Nf4 Bg7 20. Rf1 Re7 21. Qf2 Qc7 22. c3 Qb7 23. Rfe1 Ne5 24. Nd4 Rde8 25. Nb3 Qc7 26. Bf1 Bb7 27. Bh3 Nc4 28. Nh5 Bh8 29. Nf4 f5 30. exf5 exf5 31. Rxe7 Qxe7 32. Bxf5 b4 33. Bd3 Ne3 34. Rc1 bxc3 35. bxc3 Qc7 36. Qd2 Re7 37. Nd4 Nc4 38. Bxc4 Qxc4 39. Ka1 Be4 40. Nb3 Be5 41. Ne2 Rb7 42. Ned4 Qa4 43. Rf1 Bg7 44. Re1 Bd5 45. Rb1 Be4 46. Rb2 Kc8 47. Qf4 Bg6 48. Qxd6 Qc4 49. Qc5+ Qxc5 50. Nxc5 Rc7 51. Rb8+ Kxb8 52. Nxa6+ Kb7 53. Nxc7 Bxd4 54. cxd4 Kxc7 55. Kb2 Kc6 56. Kc3 Kd5 57. a4 Bf5 58. a5 Bc8 59. Kd3 Ba6+ 60. Ke3 Bc8 1/2-1/2

[Event "TCh-CRO"]
[Site "Rabac"]
[Date "2004.09.09"]
[Round "5"]
[White "Sax, Gyula"]
[Black "Smirin, Ilia"]
[Result "1/2-1/2"]
[WhiteElo "2535"]
[BlackElo "2671"]
[PlyCount "35"]
[EventDate "2004.06.21"]
[Source "Roberto Alvarez"]
[SourceDate "2004.09.21"]

1. e4 c5 2. Nf3 d6 3. d4 cxd4 4. Nxd4 Nf6 5. Nc3 Nc6 6. Bg5 e6 7. Qd2 Be7 8. O-O-O a6 9. f4 Bd7 10. Nf3 b5 11. Bxf6 gxf6 12. Kb1 Qb6 13. f5 O-O-O 14. g3 Kb8 15. fxe6 fxe6 16. Bh3 Bc8 17. Qh6 Rhg8 18. Rhf1 1/2-1/2

[Event "Wijk aan Zee (open)"]
[Site "?"]
[Date "1995.??.??"]
[Round "?"]
[White "Leko, P."]
[Black "Timman, J."]
[Result "1/2-1/2"]
[WhiteElo "2555"]
[BlackElo "2635"]
[PlyCount "103"]
[EventDate "1995.??.??"]
[Source "ChessBase"]
[SourceDate "1994.10.01"]

1. e4 c5 2. Nf3 d6 3. d4 cxd4 4. Nxd4 Nf6 5. Nc3 Nc6 6. Bg5 e6 7. Qd2 a6 8. O-O-O Bd7 9. f4 Be7 10. Nf3 b5 11. Bxf6 gxf6 12. Kb1 Qb6 13. f5 O-O-O 14. g3 Kb8 15. fxe6 fxe6 16. Bh3 Bc8 17. Qe1 Rhe8 18. Ne2 Bf8 19. Nf4 Bg7 20. Rf1 Qc5 21. Rf2 Re7 22. c3 d5 23. Nd4 Nxd4 24. cxd4 Qd6 25. exd5 exd5 26. Re2 Rde8 27. Bxc8 Rxe2 28. Nxe2 Rxc8 29. Nf4 f5 30. Qe6 Qxe6 31. Nxe6 Bh8 32. Rc1 Rxc1+ 33. Kxc1 Kc8 34. Kd2 Kd7 35. Nc5+ Kc6 36. Ke3 a5 37. b3 Bg7 38. h4 Bh6+ 39. Kf3 Bd2 40. Ne6 Bh6 41. Ng5 Bg7 42. Ne6 Bh6 43. Ng5 Bg7 44. Ke3 h5 45. Ne6 Bh6+ 46. Kf3 Kd6 47. Nf4 Bg7 48. Ke3 Bh6 49. a4 bxa4 50. bxa4 Ke7 51. Kf3 Bxf4 52. Kxf4 1/2-1/2

[Event "Hastings 9091"]
[Site "Hastings"]
[Date "1990.??.??"]
[Round "?"]
[White "Chandler, Murray G"]
[Black "Sax, Gyula"]
[Result "1-0"]
[WhiteElo "2560"]
[BlackElo "2600"]
[PlyCount "157"]
[EventDate "1990.12.??"]
[Source "ChessBase"]

1. e4 c5 2. Nf3 d6 3. d4 cxd4 4. Nxd4 Nf6 5. Nc3 Nc6 6. Bg5 e6 7. Qd2 a6 8. O-O-O Bd7 9. f4 Be7 10. Nf3 b5 11. Bxf6 gxf6 12. Kb1 Qb6 13. f5 O-O-O 14. g3 Kb8 15. fxe6 fxe6 16. Bh3 Bc8 17. Qe1 Bf8 18. Ne2 Bg7 19. Nf4 Rhe8 20. Rf1 Bh8 21. Rf2 Na5 22. Re2 Nc6 23. c3 b4 24. cxb4 Qxb4 25. Nd4 Qxe1 26. Nxc6+ Kc7 27. Rdxe1 Kxc6 28. Rc1+ Kb7 29. Re3 Re7 30. Nd5 Rg7 31. Rb3+ Ka7 32. Nb4 Bb7 33. Nc6+ Bxc6 34. Rxc6 f5 35. exf5 exf5 36. Bxf5 Rb7 37. Bd3 Rxb3 38. axb3 Kb7 39. Rxa6 h6 40. b4 Bd4 41. b5 Bc5 42. Be4+ Kc7 43. Kc2 Bb6 44. Ra3 Bg1 45. h3 Kb6 46. Bd3 Rf8 47. Be2 Bc5 48. Ra6+ Kc7 49. Ra4 Rf2 50. Kd2 Rg2 51. Rc4 Kb8 52. b4 Bf2 53. g4 Rg3 54. h4 Rh3 55. h5 Be3+ 56. Kc2 Bg5 57. Rd4 Rh2 58. Kd3 Kc7 59. b6+ Kxb6 60. Rxd6+ Kb5 61. Rd4 Ka4 62. Re4 Kb5 63. Kc3+ Kc6 64. Kc4 Rf2 65. b5+ Kb7 66. Kc5 Bd8 67. Re8 Bb6+ 68. Kd5 Rf6 69. Re7+ Bc7 70. Kc5 Kc8 71. Rg7 Bf4 72. Bd3 Be3+ 73. Kd5 Rf4 74. Be4 Rf1 75. Kd6 Rd1+ 76. Ke6 Rd4 77. Bb7+ Kb8 78. Bc6 Rb4 79. Kd6 1-0

[Event "Torneo Magistral 6th"]
[Site "Madrid"]
[Date "1997.??.??"]
[Round "6"]
[White "Illescas Cordoba, Miguel"]
[Black "San Segundo Carrillo, Pablo"]
[Result "1/2-1/2"]
[WhiteElo "2635"]
[BlackElo "2505"]
[PlyCount "66"]
[EventDate "1997.06.??"]
[Source "ChessBase"]
[SourceDate "1997.08.01"]

1. e4 c5 2. Nf3 d6 3. d4 cxd4 4. Nxd4 Nf6 5. Nc3 Nc6 6. Bg5 e6 7. Qd2 a6 8. O-O-O Bd7 9. f4 Be7 10. Nf3 b5 11. Bxf6 Bxf6 12. Qxd6 Be7 13. Qd2 b4 14. Na4 Nb8 15. Qd4 Qc7 16. Nb6 Ra7 17. Kb1 O-O 18. Nxd7 Nxd7 19. e5 Rc8 20. Bd3 Nc5 21. Nd2 Qc6 22. Be4 Rd7 23. Qc4 Nxe4 24. Qxc6 Nc3+ 25. Qxc3 bxc3 26. Nb3 Rdc7 27. bxc3 Rxc3 28. Rd2 a5 29. Rd7 Kf8 30. Ra7 Rxc2 31. Rc1 Rxc1+ 32. Nxc1 g5 33. Rxa5 gxf4 1/2-1/2

[Event "Sankt_Peterburg (zt)"]
[Site "?"]
[Date "1993.??.??"]
[Round "?"]
[White "Tiviakov, S."]
[Black "Sakaev, K."]
[Result "1/2-1/2"]
[WhiteElo "2575"]
[BlackElo "2555"]
[PlyCount "106"]
[EventDate "1993.??.??"]
[Source "ChessBase"]
[SourceDate "1993.02.01"]

1. e4 c5 2. Nf3 d6 3. d4 cxd4 4. Nxd4 Nf6 5. Nc3 Nc6 6. Bg5 e6 7. Qd2 a6 8. O-O-O Bd7 9. f4 Be7 10. Nf3 b5 11. Bxf6 gxf6 12. f5 Qb6 13. g3 b4 14. fxe6 fxe6 15. Ne2 Qf2 16. Nh4 a5 17. Nf4 Qxd2+ 18. Rxd2 Kf7 19. Bh3 Rab8 20. Rf1 Ne5 21. Nf3 Nxf3 22. Rxf3 h5 23. Bf1 Rbc8 24. h4 Rc5 25. Nd3 Rc7 26. Bh3 Bc8 27. Re2 Bd8 28. Nf4 Rc5 29. a3 bxa3 30. Rxa3 Re8 31. Rb3 Bc7 32. Rf2 Rg8 33. Bf1 Re5 34. Bg2 a4 35. Ra3 Ke7 36. Rxa4 Rxg3 37. Ra7 Kd8 38. Ne2 Rg6 39. Nd4 Bd7 40. c3 Ra5 41. Rxa5 Bxa5 42. Bf3 Bb6 43. Rd2 Ke7 44. Kc2 Rg3 45. Rg2 Rh3 46. Rg7+ Kd8 47. Bxh5 Rxh4 48. Bf3 e5 49. Nf5 Rf4 50. Bg2 Bxf5 51. exf5 e4 52. Kd1 d5 53. Rb7 Rf2 1/2-1/2

[Event "Haninge"]
[Site "Haninge"]
[Date "1990.??.??"]
[Round "8"]
[White "Hellers, Ferdinand"]
[Black "Sax, Gyula"]
[Result "0-1"]
[WhiteElo "2525"]
[BlackElo "2605"]
[PlyCount "78"]
[EventDate "1990.05.??"]
[Source "ChessBase"]

1. e4 c5 2. Nf3 d6 3. d4 cxd4 4. Nxd4 Nf6 5. Nc3 Nc6 6. Bg5 e6 7. Qd2 a6 8. O-O-O Bd7 9. f4 Be7 10. Nf3 b5 11. Bxf6 gxf6 12. Bd3 Qa5 13. Kb1 b4 14. Ne2 Qc5 15. f5 a5 16. Nf4 a4 17. Be2 exf5 18. Nd5 fxe4 19. Nc7+ Kd8 20. Nxa8 exf3 21. Bxf3 Be6 22. Qe2 Kd7 23. Qa6 Rb8 24. Qxa4 Qb5 25. Qxb5 Rxb5 26. Rhe1 Rb8 27. b3 Rxa8 28. Re4 Rb8 29. Rh4 Na7 30. Be2 Nb5 31. Bxb5+ Rxb5 32. Rdd4 d5 33. Rxh7 Bc5 34. Rf4 f5 35. Rh3 Bd6 36. Rf2 Rb8 37. Rh4 f4 38. Rh5 Rg8 39. Rd2 f3 0-1

[Event "AUT-chT 9899"]
[Site "AUT"]
[Date "1999.??.??"]
[Round "?"]
[White "Lutz, Christopher"]
[Black "Enders, Peter"]
[Result "1/2-1/2"]
[WhiteElo "2595"]
[BlackElo "2525"]
[PlyCount "153"]
[EventDate "1998.??.??"]
[Source "www.chesslib.no"]
[SourceDate "2004.05.04"]

1. e4 c5 2. Nf3 Nc6 3. d4 cxd4 4. Nxd4 Nf6 5. Nc3 d6 6. Bg5 e6 7. Qd2 a6 8. O-O-O Bd7 9. f4 Be7 10. Nf3 b5 11. Bxf6 gxf6 12. f5 Qb6 13. fxe6 fxe6 14. g3 Qc5 15. Bh3 Rc8 16. e5 Nxe5 17. Nxe5 fxe5 18. Kb1 d5 19. Qh6 Rc6 20. Qh5+ Kd8 21. Qxe5 Rf8 22. Rhe1 Bf6 23. Qb8+ Ke7 24. Qb7 Bxc3 25. bxc3 Rf2 26. Rd3 Rxh2 27. Bg4 Qf2 28. Rc1 Qb6 29. Qxb6 Rxb6 30. Re1 b4 31. Rxd5 bxc3+ 32. Kc1 Rb2 33. Bd1 Rxa2 34. Kb1 Rb2+ 35. Kc1 Ra2 36. Kb1 Ra3 37. Bg4 Ra4 38. Bd1 Rb4+ 39. Kc1 Ra4 40. Kb1 Rc4 41. Ka2 Ba4 42. Ra5 Bb5 43. Ra3 h6 44. Kb3 Rg2 45. Bf3 Rxg3 46. Bd5 Rd4 47. Bxe6 Kd6 48. Raa1 h5 49. Bf7 h4 50. Re6+ Kc7 51. Rh6 Rg7 52. Bh5 Rd6 53. Rxd6 Kxd6 54. Rh1 Rh7 55. Rxh4 Be8 56. Bxe8 Rxh4 57. Kxc3 Kc5 58. Kb2 Rb4+ 59. Ka2 Kc4 60. Bg6 Kc3 61. Bd3 Ra4+ 62. Kb1 Rg4 63. Ka2 Ra4+ 64. Kb1 Kd2 65. Kb2 Rb4+ 66. Ka3 Rb1 67. Ka2 Rb8 68. Ka3 Rb1 69. Ka2 Kc1 70. Bxa6 Rb2+ 71. Ka3 Kxc2 72. Ka4 Kc3 73. Ka5 Kd4 74. Ka4 Rb6 75. Bf1 Rb1 76. Be2 Kc3 77. Ka5 1/2-1/2

[Event "Elista ol (Men)"]
[Site "Elista"]
[Date "1998.10.02"]
[Round "4"]
[White "Nisipeanu, Liviu Dieter"]
[Black "Bagaturov, Giorgi"]
[Result "1/2-1/2"]
[WhiteElo "2575"]
[BlackElo "2540"]
[PlyCount "79"]
[EventDate "1998.09.29"]
[Source "ChessBase"]
[SourceDate "1998.11.06"]

1. e4 c5 2. Nf3 Nc6 3. d4 cxd4 4. Nxd4 Nf6 5. Nc3 d6 6. Bg5 e6 7. Qd2 a6 8. O-O-O Bd7 9. f4 Be7 10. Nf3 b5 11. Bxf6 gxf6 12. Kb1 Qb6 13. f5 O-O-O 14. g3 Kb8 15. fxe6 fxe6 16. Bh3 Bc8 17. Qh6 Bf8 18. Qxf6 Rg8 19. Qf4 b4 20. Ne2 e5 21. Qf7 Rg7 22. Qh5 Bxh3 23. Qxh3 Qe3 24. Qg2 Rf7 25. Rd3 Qxe4 26. Re1 Qg4 27. h3 Qc8 28. Ng5 Rg7 29. Ne6 Qxe6 30. Qxc6 Qc8 31. Qe4 Qb7 32. Nc1 Rc8 33. Rb3 a5 34. a3 Rgc7 35. axb4 Qxe4 36. Rxe4 a4 37. Rc3 Rxc3 38. bxc3 Rxc3 39. Nd3 a3 40. Rg4 1/2-1/2

[Event "Skopje op 18th"]
[Site "Skopje"]
[Date "2002.01.21"]
[Round "7"]
[White "Kolev, Atanas"]
[Black "Damljanovic, Branko"]
[Result "1-0"]
[WhiteElo "2568"]
[BlackElo "2545"]
[PlyCount "91"]
[EventDate "2002.01.15"]
[Source "ChessBase"]
[SourceDate "2002.03.21"]

1. e4 c5 2. Nf3 Nc6 3. d4 cxd4 4. Nxd4 Nf6 5. Nc3 d6 6. Bg5 e6 7. Qd2 a6 8. O-O-O Bd7 9. f4 Be7 10. Nf3 b5 11. Bxf6 gxf6 12. Kb1 Qb6 13. g3 O-O-O 14. f5 Kb8 15. fxe6 fxe6 16. Bh3 Bc8 17. Qe1 Rhe8 18. Ne2 Bf8 19. Rf1 Bg7 20. Nf4 Qc5 21. c3 f5 22. exf5 exf5 23. Qf2 b4 24. cxb4 Nxb4 25. a3 Nc6 26. Rc1 Qxf2 27. Rxf2 Nd4 28. Rd1 Nxf3 29. Rxf3 Re5 30. Rb3+ Ka7 31. Rc3 Kb8 32. Rb3+ Ka7 33. Nd3 Rb5 34. Rxb5 axb5 35. Nb4 Re8 36. Bf1 Bb7 37. Bxb5 Re5 38. Bc4 Rc5 39. Bd5 Bc8 40. Bg8 h5 41. Rxd6 h4 42. Bd5 hxg3 43. hxg3 Be5 44. Nc6+ Rxc6 45. Rxc6 Bd7 46. Rg6 1-0

[Event "URS Ch sf"]
[Site "Odessa UKR"]
[Date "1974.??.??"]
[Round "?"]
[White "Tukmakov, Vladimir B"]
[Black "Balashov, Yuri S"]
[Result "1/2-1/2"]
[WhiteElo "2570"]
[BlackElo "2540"]
[PlyCount "48"]
[EventDate "1974.??.??"]
[Source "www.chesslib.no"]
[SourceDate "2004.05.04"]

1. e4 c5 2. Nf3 Nc6 3. d4 cxd4 4. Nxd4 Nf6 5. Nc3 d6 6. Bg5 e6 7. Qd2 a6 8. O-O-O Bd7 9. f4 Be7 10. Nf3 b5 11. Bxf6 gxf6 12. f5 Qb6 13. Kb1 Rc8 14. g3 b4 15. Ne2 Qf2 16. Ned4 Qxd2 17. Rxd2 e5 18. Nb3 Nb8 19. Na5 O-O 20. Be2 Rc5 21. Nb7 Rc7 22. Na5 Rc5 23. Nb7 Rc7 24. Na5 Bc8 1/2-1/2

[Event "World Cup VI Final"]
[Site "Cork World Cup VI Final"]
[Date "1994.??.??"]
[Round "?"]
[White "Voss, Maximilian"]
[Black "Normantas, Valentinas P"]
[Result "1/2-1/2"]
[WhiteElo "2490"]
[BlackElo "2615"]
[PlyCount "79"]
[EventDate "1994.??.??"]
[Source "www.chesslib.no"]
[SourceDate "2004.05.04"]

1. e4 c5 2. Nf3 Nc6 3. d4 cxd4 4. Nxd4 Nf6 5. Nc3 d6 6. Bg5 e6 7. Qd2 a6 8. O-O-O Bd7 9. f4 Be7 10. Nf3 b5 11. Bxf6 gxf6 12. Kb1 Qb6 13. f5 O-O-O 14. g3 Kb8 15. fxe6 fxe6 16. Bh3 Bc8 17. Qe1 Qc5 18. Ne2 d5 19. exd5 Nb4 20. Nfd4 Nxd5 21. Nxe6 Bxe6 22. Bxe6 Ne3 23. Rc1 Bd6 24. Qc3 Qxc3 25. Nxc3 Rhe8 26. Bf7 Re7 27. Bb3 Bb4 28. Nd1 Ng2 29. Nf2 Bd2 30. Rcg1 Ne3 31. Nd1 Nxd1 32. Rxd1 Re2 33. a4 Rde8 34. c3 Rf2 35. axb5 axb5 36. Bc2 h6 37. Rdf1 Rxf1+ 38. Rxf1 Re1+ 39. Rxe1 Bxe1 40. Bg6 1/2-1/2

[Event "XI Festival"]
[Site "Voronezh RUS"]
[Date "2007.06.15"]
[Round "4"]
[White "Frolyanov, D."]
[Black "Vorobiov, E."]
[Result "0-1"]
[WhiteElo "2525"]
[BlackElo "2580"]
[PlyCount "100"]
[EventDate "2007.06.12"]
[Source "www.chesslib.no"]
[SourceDate "2004.05.04"]

1. e4 c5 2. Nf3 d6 3. d4 cxd4 4. Nxd4 Nf6 5. Nc3 Nc6 6. Bg5 e6 7. Qd2 a6 8. O-O-O Be7 9. f4 Bd7 10. Nf3 b5 11. Bxf6 gxf6 12. Kb1 Qb6 13. f5 O-O-O 14. fxe6 fxe6 15. Ne2 Kb8 16. Nf4 Bc8 17. g3 d5 18. exd5 e5 19. Qe2 exf4 20. dxc6 Qe3 21. gxf4 Bc5 22. Rxd8 Rxd8 23. Qxe3 Bxe3 24. Bd3 Bxf4 25. Re1 h5 26. a4 Bg4 27. axb5 axb5 28. Re4 Bc7 29. Be2 f5 30. Rb4 Bxh2 31. Bxb5 Rd1+ 32. Ka2 Bd6 33. Rb3 Kc7 34. Ng5 f4 35. Ba4 f3 36. Rb7+ Kc8 37. Ne4 Rd4 38. Nxd6+ Rxd6 39. Ra7 f2 40. Ra8+ Kc7 41. Rf8 Rd2 42. Kb3 h4 43. Bb5 h3 44. Bf1 h2 45. Rh8 Rd1 46. Rh7+ Kb6 47. Rxh2 Rxf1 48. c7 Kxc7 49. Kc4 Kd6 50. Kb5 Ke5 0-1

[Event "Curacao Open"]
[Site "Willemstad"]
[Date "2003.11.03"]
[Round "9"]
[White "Timman, Jan H"]
[Black "Greenfeld, Alon"]
[Result "1/2-1/2"]
[WhiteElo "2578"]
[BlackElo "2527"]
[PlyCount "88"]
[EventDate "2003.10.25"]
[Source "Roberto Alvarez"]
[SourceDate "2003.11.10"]

1. e4 c5 2. Nf3 d6 3. d4 cxd4 4. Nxd4 Nf6 5. Nc3 Nc6 6. Bg5 e6 7. Qd2 a6 8. O-O-O Be7 9. f4 Bd7 10. Nf3 b5 11. Bxf6 gxf6 12. Kb1 Qb6 13. f5 O-O-O 14. fxe6 fxe6 15. Ne2 Kb8 16. Nf4 Bc8 17. Qe1 Rhe8 18. g3 Bf8 19. Bh3 Bg7 20. Rf1 Bh8 21. Rf2 Na5 22. Re2 Nc4 23. c3 Re7 24. Nd4 Rde8 25. Qf1 Qb7 26. Nd3 Rc7 27. Qf3 f5 28. Qh5 fxe4 29. Bg2 Ree7 30. Bxe4 d5 31. Bg2 Qb6 32. Nb4 Bxd4 33. cxd4 a5 34. Nc2 b4 35. Ne3 b3 36. Nxc4 bxa2+ 37. Kxa2 Rxc4 38. Bxd5 Rb4 39. Qe5+ Rc7 40. Bg2 Ba6 41. Rf2 Ra4+ 42. Kb1 Qb3 43. Rf8+ Bc8 44. Rxc8+ Kxc8 1/2-1/2

[Event "URS-ch sf"]
[Site "Tbilisi"]
[Date "1973.??.??"]
[Round "9"]
[White "Bronstein, David I"]
[Black "Dzindzichashvili, Roman"]
[Result "0-1"]
[WhiteElo "2570"]
[BlackElo "2520"]
[PlyCount "84"]
[EventDate "1973.??.??"]
[Source "ChessBase"]

1. e4 c5 2. Nf3 Nc6 3. d4 cxd4 4. Nxd4 Nf6 5. Nc3 d6 6. Bg5 e6 7. Qd2 a6 8. O-O-O Bd7 9. f4 Be7 10. Nf3 b5 11. Bxf6 gxf6 12. g3 b4 13. Ne2 Qb6 14. Kb1 O-O-O 15. Nc1 Kb8 16. f5 exf5 17. exf5 Bxf5 18. Qf4 Be6 19. Nh4 Ne5 20. Nf5 Bxf5 21. Qxf5 d5 22. Bg2 Rd7 23. Rhe1 Rhd8 24. Qxh7 a5 25. Nd3 Nxd3 26. Qxd3 a4 27. h4 a3 28. h5 f5 29. Qb3 axb2 30. Re3 Ra7 31. a4 Bf6 32. Red3 Qb5 33. c3 Rxa4 34. Qxb2 Ra3 35. Rxd5 Rxd5 36. Rxd5 Qb6 37. Bf1 Kc7 38. Rb5 Qe3 39. Qe2 Ra1+ 40. Kxa1 Qxc3+ 41. Ka2 Qa3+ 42. Kb1 Qb3+ 0-1

[Event "it A"]
[Site "Montreal"]
[Date "2004.08.06"]
[Round "3"]
[White "Efimenko, Zahar"]
[Black "Tyomkin, Dimitri"]
[Result "1/2-1/2"]
[WhiteElo "2572"]
[BlackElo "2498"]
[PlyCount "56"]
[EventDate "2004.08.04"]
[Source "Roberto Alvarez"]
[SourceDate "2004.08.24"]

1. e4 c5 2. Nf3 Nc6 3. d4 cxd4 4. Nxd4 Nf6 5. Nc3 d6 6. Bg5 e6 7. Qd2 a6 8. O-O-O Be7 9. f4 Bd7 10. Nf3 b5 11. Bxf6 gxf6 12. g3 Qb6 13. f5 O-O-O 14. Bh3 Kb8 15. fxe6 fxe6 16. Ne2 Rhe8 17. Nf4 Bf8 18. Nh5 Bc8 19. Kb1 Qc5 20. Nxf6 Re7 21. Qg5 Qxg5 22. Nxg5 h6 23. Ngh7 Bg7 24. Rhf1 Ne5 25. b3 Bh8 26. Bg2 Bb7 27. Rd2 a5 28. Rdf2 Kc7 1/2-1/2

[Event "V Gyorgy Marx Mem"]
[Site "Paks HUN"]
[Date "2007.08.13"]
[Round "8"]
[White "Hou Yifan"]
[Black "Acs, P."]
[Result "0-1"]
[WhiteElo "2523"]
[BlackElo "2530"]
[PlyCount "106"]
[EventDate "2007.08.05"]
[Source "www.chesslib.no"]
[SourceDate "2004.05.04"]

1. e4 c5 2. Nf3 d6 3. d4 cxd4 4. Nxd4 Nf6 5. Nc3 Nc6 6. Bg5 e6 7. Qd2 a6 8. O-O-O Be7 9. f4 Bd7 10. Nf3 b5 11. Bxf6 gxf6 12. Kb1 Rc8 13. f5 h5 14. fxe6 fxe6 15. Ne2 Qa5 16. Qxa5 Nxa5 17. Nf4 Nc4 18. Be2 Ne3 19. Rd2 e5 20. Ng6 Rh6 21. Nfh4 f5 22. exf5 Nxf5 23. Nxf5 Bxf5 24. Nxe7 Kxe7 25. b3 h4 26. Rf1 Rf8 27. Kb2 Rg6 28. Rf2 Be4 29. Rxf8 Kxf8 30. g3 hxg3 31. hxg3 Ke7 32. Bd3 Bxd3 33. Rxd3 Ke6 34. c4 b4 35. a3 e4 36. Rd4 bxa3+ 37. Kxa3 Kf5 38. Kb2 Re6 39. Kc2 Kg4 40. Kd2 Kf3 41. Rd5 Rf6 42. Rh5 Kf2 43. g4 Rf3 44. Rh2+ Kg3 45. Re2 Kf4 46. Kc2 Rf1 47. Kd2 a5 48. Rh2 e3+ 49. Kd3 Rd1+ 50. Kc2 Ra1 51. Kb2 Rg1 52. Kc2 Kg3 53. Re2 Kf3 0-1

[Event "Leon"]
[Site "Leon"]
[Date "1992.??.??"]
[Round "8"]
[White "Magem Badals, Jordi"]
[Black "Tukmakov, Vladimir B"]
[Result "0-1"]
[WhiteElo "2515"]
[BlackElo "2535"]
[PlyCount "126"]
[EventDate "1992.04.??"]
[Source "ChessBase"]

1. e4 c5 2. Nf3 d6 3. d4 cxd4 4. Nxd4 Nf6 5. Nc3 Nc6 6. Bg5 e6 7. Qd2 a6 8. O-O-O Bd7 9. f4 Be7 10. Nf3 b5 11. Bxf6 gxf6 12. f5 Qb6 13. g3 b4 14. fxe6 fxe6 15. Ne2 Qf2 16. Nh4 Ne5 17. Nf4 Qxd2+ 18. Rxd2 Kf7 19. Be2 Rac8 20. Rf1 Rc5 21. Bh5+ Kg7 22. Bd1 Rhc8 23. b3 a5 24. Nf3 Nxf3 25. Bxf3 Re5 26. Nd3 Bb5 27. Rff2 Bxd3 28. Rxd3 f5 29. exf5 Rxf5 30. Re2 Rcf8 31. Bg2 Rf2 32. Kd1 Rxe2 33. Kxe2 Rc8 34. Kd1 d5 35. Bh3 Rc6 36. Re3 Kf7 37. Bg2 Bf6 38. g4 h6 39. Rd3 Bg5 40. Bh1 Ke7 41. Rf3 Rc5 42. Bg2 e5 43. Rf5 Kd6 44. Bf1 Rc3 45. Bd3 e4 46. Ba6 Rh3 47. Bb7 Rxh2 48. Rxd5+ Ke6 49. Rf5 e3 50. Ba6 Rd2+ 51. Ke1 Rxc2 52. Be2 Rxa2 53. Kf1 Kd6 54. Rb5 Kc6 55. Re5 Kd6 56. Rb5 Bd8 57. Rb8 Kc7 58. Rb5 Kc6 59. Re5 Bg5 60. Rf5 a4 61. bxa4 b3 62. Rb5 b2 63. Bd3 e2+ 0-1

[Event "Open"]
[Site "Mosca RUS"]
[Date "2007.01.31"]
[Round "5"]
[White "Chadaev, N."]
[Black "Grachev, B."]
[Result "1/2-1/2"]
[WhiteElo "2484"]
[BlackElo "2563"]
[PlyCount "122"]
[EventDate "2007.01.27"]
[Source "www.chesslib.no"]
[SourceDate "2004.05.04"]

1. e4 c5 2. Nf3 d6 3. d4 cxd4 4. Nxd4 Nf6 5. Nc3 a6 6. Bg5 Nc6 7. Qd2 e6 8. O-O-O Bd7 9. f4 Be7 10. Nf3 b5 11. Bxf6 gxf6 12. Kb1 Rc8 13. Bd3 Na5 14. Rhe1 Nc4 15. Bxc4 Rxc4 16. Qd3 Qc8 17. Rd2 O-O 18. Nd4 Kh8 19. Nd1 Rc5 20. Ne3 b4 21. Rf2 a5 22. f5 a4 23. fxe6 fxe6 24. Qd2 b3 25. cxb3 axb3 26. Nxb3 Rb5 27. Nd1 Qa8 28. Nc3 Re5 29. Nd4 Qa7 30. Rfe2 Ra8 31. Nb3 Bf8 32. Qd4 Qa6 33. Nc1 Be8 34. Rf2 Bg7 35. Rd1 Bh5 36. Rdd2 d5 37. exd5 Re1 38. Kc2 Bg6+ 39. Nd3 e5 40. Qb4 Rc8 41. d6 Qxa2 42. d7 Qb1+ 43. Kb3 Bf7+ 44. Ka4 Ra8+ 45. Kb5 Qa1 46. Qa4 Bc4+ 47. Kb4 Bf8+ 48. Nc5 Rxa4+ 49. N3xa4 Be7 50. Kxc4 Re4+ 51. Kb3 Rd4 52. Kc2 Rc4+ 53. Kb3 Rd4 54. Kc2 Rxa4 55. d8=Q+ Bxd8 56. Rxd8+ Kg7 57. Nxa4 Qxa4+ 58. Kb1 Qe4+ 59. Rc2 Qe1+ 60. Rc1 Qe4+ 61. Rc2 Qe1+ 1/2-1/2

[Event "Aeroflot Open"]
[Site "Moscow"]
[Date "2004.02.18"]
[Round "2"]
[White "Dolmatov, Sergey"]
[Black "Bluvshtein, Mark"]
[Result "0-1"]
[WhiteElo "2591"]
[BlackElo "2453"]
[PlyCount "102"]
[EventDate "2004.02.17"]
[Source "Roberto Alvarez"]
[SourceDate "2004.03.01"]

1. e4 c5 2. Nf3 d6 3. d4 cxd4 4. Nxd4 Nf6 5. Nc3 Nc6 6. Bg5 e6 7. Qd2 Be7 8. O-O-O a6 9. f4 Bd7 10. Nf3 b5 11. Bxf6 gxf6 12. f5 Qb6 13. Kb1 O-O-O 14. g3 Kb8 15. fxe6 fxe6 16. Bh3 Bc8 17. Qe1 Rhe8 18. Rf1 Bf8 19. Ne2 Bg7 20. Nf4 Bh8 21. Rf2 Na5 22. Re2 Nc4 23. c3 Re7 24. Nd4 Rde8 25. Bg4 Qb7 26. Nc2 Rc7 27. Bh5 Rd8 28. Nd4 Re7 29. Nd3 Qb6 30. Bf3 Rc7 31. Nf4 Re7 32. e5 Nxe5 33. Rxe5 fxe5 34. Nc6+ Kc7 35. Nd5+ exd5 36. Nxe7 Kb8 37. Bxd5 Bd7 38. Qe4 Rf8 39. Qxh7 b4 40. Qh6 Re8 41. Nc6+ Kc7 42. Be4 d5 43. Rxd5 Bxc6 44. Qd6+ Kb7 45. cxb4 Rc8 46. Bf5 Rc7 47. Rd1 e4 48. Qc5 e3 49. g4 Bf3 50. Qxb6+ Kxb6 51. Rd6+ Rc6 0-1

[Event "Oesterreich 81/183"]
[Site "?"]
[Date "2001.??.??"]
[Round "?"]
[White "Nataf, I.-A."]
[Black "Popovic, Pe"]
[Result "0-1"]
[WhiteElo "2526"]
[BlackElo "2518"]
[PlyCount "80"]
[EventDate "2001.??.??"]
[Source "Chess Informant"]
[SourceDate "2001.02.01"]

1. e4 c5 2. Nf3 d6 3. d4 cxd4 4. Nxd4 Nf6 5. Nc3 Nc6 6. Bg5 e6 7. Qd2 a6 8. O-O-O Bd7 9. f4 Be7 10. Nf3 b5 11. Bxf6 gxf6 12. Kb1 Qb6 13. f5 O-O-O 14. g3 Kb8 15. fxe6 fxe6 16. Bh3 Bc8 17. Qe1 h5 18. Ne2 Ne5 19. Rf1 Ng4 20. Nf4 d5 21. exd5 e5 22. Ng6 Rhe8 23. Bxg4 Bxg4 24. Nxe7 Rxe7 25. Qb4 Rc7 26. b3 Qc5 27. Qe4 f5 28. Qxe5 Bxf3 29. Qxf5 Bxd1 30. Rxd1 Rf8 31. Qg6 Rf6 32. Qe4 Rf2 33. Rc1 Rd2 34. Qg6 Ka7 35. h4 Qxd5 36. g4 Rd1 37. gxh5 Qd2 38. Rxd1 Qxd1+ 39. Kb2 Qd4+ 40. Kb1 Rg7 0-1

[Event "Clarin"]
[Site "Buenos Aires"]
[Date "1978.??.??"]
[Round "12"]
[White "Browne, Walter S"]
[Black "Torre, Eugenio"]
[Result "1-0"]
[WhiteElo "2550"]
[BlackElo "2490"]
[PlyCount "81"]
[EventDate "1978.11.??"]
[Source "ChessBase"]

1. e4 c5 2. Nf3 Nc6 3. d4 cxd4 4. Nxd4 Nf6 5. Nc3 d6 6. Bg5 e6 7. Qd2 a6 8. O-O-O Bd7 9. f4 Be7 10. Nf3 b5 11. Bxf6 gxf6 12. Kb1 Qb6 13. f5 O-O-O 14. fxe6 fxe6 15. a4 Na7 16. Nd4 b4 17. Na2 d5 18. exd5 e5 19. Qe2 Kb7 20. Qe4 Kb8 21. Nf5 Bc5 22. b3 Nc8 23. Be2 h5 24. Rhf1 Nd6 25. Nxd6 Qxd6 26. Qc4 Ka7 27. Rxf6 Qxf6 28. Qxc5+ Qb6 29. Qxb4 Rb8 30. Qxb6+ Rxb6 31. Nc3 h4 32. Re1 Bf5 33. Kb2 h3 34. gxh3 Rxh3 35. Rf1 Bg6 36. Rf2 e4 37. Bg4 Re3 38. Ne2 Rd6 39. Be6 Rf3 40. Rg2 Bf5 41. Rg7+ 1-0

[Event "EUCup Gr1"]
[Site "Paide"]
[Date "1999.09.17"]
[Round "1"]
[White "Zjukin, Sergei"]
[Black "Sakaev, Konstantin"]
[Result "1/2-1/2"]
[WhiteElo "2387"]
[BlackElo "2648"]
[PlyCount "66"]
[EventDate "1999.09.17"]
[Source "www.chesslib.no"]
[SourceDate "2004.05.04"]

1. e4 c5 2. Nf3 d6 3. d4 cxd4 4. Nxd4 Nf6 5. Nc3 Nc6 6. Bg5 e6 7. Qd2 a6 8. O-O-O Bd7 9. f4 Be7 10. Nf3 b5 11. Bxf6 gxf6 12. Kb1 Qb6 13. Bd3 b4 14. Ne2 h5 15. f5 e5 16. Qe1 Na7 17. Nd2 Nb5 18. Nc4 Qc5 19. Nc1 a5 20. Nb3 Qa7 21. Nc1 Rb8 22. Ne3 Bc6 23. Bc4 Bxe4 24. Bd5 Bxd5 25. Nxd5 Kf8 26. Rd3 Rc8 27. Ne2 Qc5 28. Qd2 h4 29. Rd1 Rb8 30. Ka1 Bd8 31. c3 Qf2 32. c4 Na7 33. Ne3 Bb6 1/2-1/2

[Event "Moscow ol (Men)"]
[Site "Moscow"]
[Date "1994.??.??"]
[Round "7"]
[White "Peng Xiaomin"]
[Black "Popovic, Petar"]
[Result "1/2-1/2"]
[WhiteElo "2480"]
[BlackElo "2530"]
[PlyCount "55"]
[EventDate "1994.11.??"]
[Source "ChessBase"]

1. e4 c5 2. Nf3 d6 3. d4 cxd4 4. Nxd4 Nf6 5. Nc3 Nc6 6. Bg5 e6 7. Qd2 a6 8. O-O-O Bd7 9. f4 Be7 10. Nf3 b5 11. Bxf6 gxf6 12. Bd3 Qa5 13. Kb1 Rc8 14. Rhe1 Nb4 15. a3 Nc6 16. Qe3 b4 17. axb4 Nxb4 18. Nd4 Rxc3 19. bxc3 Na2 20. Ne2 O-O 21. Bc4 Rb8+ 22. Bb3 Qa3 23. Qa7 Nxc3+ 24. Nxc3 Rxb3+ 25. cxb3 Qxb3+ 26. Ka1 Qxc3+ 27. Kb1 Qb3+ 28. Ka1 1/2-1/2